export_success — 

Market research matters : tools and techniques for aligning your business.

Bibliographic Details
Main Author: Duboff
Other Authors: Spaeth,
Format: Book
Published: New York: John Wiley and sons, 2000.
Subjects:
LEADER 00470cam a2200157 7i4500
001 0000010996
005 20020521090000.0
020 0 0 |a 0471360058  
090 0 0 |a B 658.8321   |b DUB 
100 1 0 |a Duboff  
245 0 0 |a Market research matters :   |b tools and techniques for aligning your business. 
260 0 0 |a New York:   |b John Wiley and sons,   |c 2000. 
300 # # |a 312p. 
650 0 0 |a Marketing research  
700 1 1 |a Spaeth,   |h Jim  
999 |a B000012812  |b Book  |c Book  |e Business Information Centre